|
|
|
|
| LEADER |
00972nam a2200253 a 4500 |
| 001 |
26988 |
| 008 |
130512s2012 nyua b 001 0 eng d |
| 010 |
|
|
|a 2011029545
|
| 020 |
|
|
|a 9781400069286 (alk. paper)
|
| 020 |
|
|
|a 9780679603856 (ebook)
|
| 040 |
|
|
|a DLC
|c DLC
|d DLC
|d BD-DhAAL
|
| 082 |
0 |
0 |
|a 158.1
|2 23
|
| 100 |
1 |
|
|a Duhigg, Charles.
|
| 245 |
1 |
4 |
|a The power of habit :
|b why we do what we do in life and business /
|c Charles Duhigg.
|
| 260 |
|
|
|a New York :
|b Random House,
|c c2012.
|
| 300 |
|
|
|a xx, 371 p. :
|b ill. ;
|c 25 cm.
|
| 504 |
|
|
|a Includes bibliographical references (p. 293-353) and index.
|
| 541 |
1 |
|
|e 26988
|
| 650 |
|
0 |
|a Habit.
|
| 650 |
|
0 |
|a Habit
|x Social aspects.
|
| 650 |
|
0 |
|a Change (Psychology)
|
| 852 |
1 |
|
|a Ayesha Abed Library
|j General Shelf.
|
| 999 |
|
|
|c 13436
|d 13436
|
| 952 |
|
|
|0 0
|1 0
|2 ddc
|4 0
|6 158_100000000000000_DUH
|7 0
|9 22403
|a BRACUL
|b BRACUL
|c GEN
|d 2013-05-19
|e Trim Education
|g 1625.00
|l 30
|m 220
|o 158.1 DUH
|p 3010026988
|r 2026-04-16
|s 2025-12-10
|t 1
|w 2013-05-19
|y BK
|